00532 2200193 4500001002100000005001500021035002000036007000300056008004100059082001200100084001800112100003000130245006900160250001000229260004000239300002600279650001800305990001500323INLIS00000000000112020171211101414 a0010-1217000035ta171211 0  a297.663 a297.663 AL- e0 aAl-Kaaf,KH. Abdullah Zaky1 aEkonomi Islam dalam Perspektif Islam /cKH.Abdullah Zaky Al-Kaaf aCet.1 aBandung :bCV. Pustaka Setia,c2002 a245 hlm ;c16 x 24 cm aEkonomi Islam a1071 522 C